000 00388nam a2200145Ia 4500
008 230917s9999||||xx |||||||||||||| ||und||
040 _e51051
_aMAIN
041 _aEnglish
082 _a294.363 V449S
100 _aVasubandhu
245 0 _aSeven works of Vasubandhu, the Buddhist psychological doctor
260 _aDelhi
_bMotilal Banarsidass
_c1984
300 _ax, 496 p.
942 _cBK
999 _c48601
_d48601